000 00440nam a2200193Ia 4500
008 210210b1957 xxu||||| |||| 00| 0 eng d
041 _aeng
082 _a829/494
100 _aGUARESCHI (G)
245 _aDon Camillos and the devil
260 _aLondon
_bVictor Gollancz Ltd.,
_c1957
650 _athe
650 _aDon
650 _adevil
650 _aCamillos
650 _aand
690 _aEnglish Fiction
906 _a017094
999 _c137052
_d137052